00469nam a2200145 i 450000100060000000300090000600500170001500700030003200800410003510000330007624501100010926000590021950200200027885200250029857046ES-MaACL20230906163513.0t|031014s1912 sp ||||1| spa d1 aDíez y Carbonell, Augusto.13aLa sintaxis de las partículas en El sueño de las calaveras de Quevedo / cAugusto Díez y Carbonell. aMadrid : b[s.n., c1912] (fImp. Gómez Fuentenebro) aTesis doctoral. aES-MaACLjT-1311-F-7